| 000 | 00467nam a2200193Ia 4500 | ||
|---|---|---|---|
| 008 | 151121s9999||||xx |||||||||||||| ||und|| | ||
| 082 | _a200ред1/DIW | ||
| 082 | _bHNW-5612 | ||
| 100 | _aDiwaker S C | ||
| 245 | _aReligion & Peace | ||
| 260 | _b"All India Digamber, Mathura" | ||
| 260 | _c-- | ||
| 300 | _a116 | ||
| 600 | _aDiwaker S C | ||
| 630 | _aReligion & Peace | ||
| 700 | _aDiwaker S C | ||
| 730 | _aReligion & Peace | ||
| 942 | _cBOOK | ||
| 999 |
_c1213369 _d1213366 |
||